Exchange control manual, corr. upto 31st December, 1965. (Record no. 84254)

MARC details
000 -LEADER
fixed length control field 00635cam a2200217 4500
001 - CONTROL NUMBER
control field sa 68012025
003 - CONTROL NUMBER IDENTIFIER
control field DLC
005 - DATE AND TIME OF LATEST TRANSACTION
control field 20260227112606.0
008 - FIXED-LENGTH DATA ELEMENTS--GENERAL INFORMATION
fixed length control field 691014s1965 pk k 000 0 eng
010 ## - LIBRARY OF CONGRESS CONTROL NUMBER
LC control number sa 68012025
025 ## - OVERSEAS ACQUISITION NUMBER
Overseas acquisition number PL480:P-E-1118
040 ## - CATALOGING SOURCE
Original cataloging agency DLC
Transcribing agency DLC
Modifying agency DLC
050 00 - LIBRARY OF CONGRESS CALL NUMBER
Classification number KPL2772
Item number .S728 1965
082 00 - DEWEY DECIMAL CLASSIFICATION NUMBER
Classification number 343.549/1032
-- 345.4910332
Edition number 19
110 2# - MAIN ENTRY--CORPORATE NAME
Corporate name or jurisdiction name as entry element State Bank of Pakistan.
245 10 - TITLE STATEMENT
Title Exchange control manual, corr. upto 31st December, 1965.
250 ## - EDITION STATEMENT
Edition statement 3d ed.
260 ## - PUBLICATION, DISTRIBUTION, ETC.
Place of publication, distribution, etc. [Karachi?]
Date of publication, distribution, etc. 1965.
300 ## - PHYSICAL DESCRIPTION
Extent 1 v. (loose-leaf)
Other physical details forms.
Dimensions 29 cm.
650 #0 - SUBJECT ADDED ENTRY--TOPICAL TERM
Topical term or geographic name entry element Foreign exchange
General subdivision Law and legislation
Geographic subdivision Pakistan.

No items available.

Powered by Koha